| 000 | 00986cam a2200349 4500 | ||
|---|---|---|---|
| 001 | ABS63547 | ||
| 008 | 000000n2001 000 0 eng u | ||
| 035 | _a(Sirsi) u111167 | ||
| 245 | _aRegional survey: Surrey & London boroughs south | ||
| 260 | _c2001 | ||
| 490 |
_aProperty Week _v66(8) 23 February 2001, 71-90(10) |
||
| 590 | _aABS | ||
| 650 | _aSURREY | ||
| 650 | _aLONDON BOROUGHS | ||
| 650 | _aCROYDON | ||
| 650 | _aKINGSTON UPON THAMES | ||
| 650 | _aBROMLEY | ||
| 650 | _aGUILDFORD | ||
| 650 | _aSUTTON | ||
| 650 | _aCAMBERLEY | ||
| 650 | _aLEWISHAM | ||
| 650 | _aWOKING | ||
| 650 | _aSTAINES | ||
| 650 | _aASHFORD | ||
| 650 | _aSURREY | ||
| 650 | _aSOUTH LONDON | ||
| 650 | _aINDUSTRIAL MARKET | ||
| 650 | _aPROPERTY-COMMERCIAL PROPERTY-OFFICE PROPERTY-OFFICE PROPERTY MARKET | ||
| 650 | _aPROPERTY-COMMERCIAL PROPERTY-RETAIL PROPERTY-RETAIL PROPERTY MARKET | ||
| 690 | _aPROPERTY-COMMERCIAL PROPERTY-COMMERCIAL PROPERTY MARKET | ||
| 942 | _n0 | ||
| 999 |
_c66224 _d66224 |
||